[Event "Famalicao op 6th"]
[Site "Famalicao"]
[Date "2018.07.29"]
[Round "1"]
[White "Soares, Paulo Samuel LO"]
[Black "Machado, Tomas Dias"]
[Result "0-1"]
[WhiteElo "1032"]
[BlackElo "1929"]
[PlyCount "56"]
[EventDate "2018.07.29"]
[EventType "swiss"]
[EventRounds "9"]
[EventCountry "POR"]
[SourceTitle "CBM 185 Extra"]
[Source "ChessBase"]
[SourceDate "2018.07.29"]
[SourceVersion "1"]
[SourceVersionDate "2018.07.29"]
[SourceQuality "1"]

1. Nf3 Nf6 2. Nc3 d5 3. d4 Bf5 4. Bf4 a6 5. g3 e6 6. a3 c5 7. e3 Nc6 8. Bg2 Be7 9. 0-0 Nh5 10. Ne2 g5 11. Be5 f6 12. Nxg5 fxe5 13. Bf3 Ng7 14. h4 Bxg5 15. hxg5 Qxg5 16. dxe5 h5 17. Nf4 h4 18. g4 Nxe5 19. Kh1 Nxf3 20. gxf5 Qg4 21. Re1 e5 22. Re2 exf4 23. exf4+ Kf8 24. Qf1 h3 25. Re3 Nxf5 26. Rxf3 Qxf3+ 27. Kh2 Kf7 28. Qh1 Qxf2+ 0-1

[Event "Lisbon Portugal op"]
[Site "Lisbon"]
[Date "2018.02.03"]
[Round "1"]
[White "Mihajlov, Sebastian"]
[Black "Machado, Tomas Dias"]
[Result "1-0"]
[WhiteElo "2378"]
[BlackElo "1852"]
[PlyCount "85"]
[EventDate "2018.02.03"]
[EventType "swiss"]
[EventRounds "9"]
[EventCountry "POR"]
[SourceTitle "EXT 2019"]
[Source "ChessBase"]
[SourceDate "2018.10.10"]
[SourceVersion "1"]
[SourceVersionDate "2018.10.10"]
[SourceQuality "1"]

1. d4 Nf6 2. c4 e6 3. Nc3 d5 4. cxd5 exd5 5. Bg5 Be7 6. e3 c6 7. Bd3 0-0 8. Qc2 Nbd7 9. Nge2 Re8 10. Rb1 h6 11. Bh4 Nh5 12. Bxe7 Qxe7 13. b4 Ndf6 14. 0-0 g6 15. b5 Bd7 16. bxc6 Bxc6 17. h3 Qd7 18. Rfc1 Rac8 19. Qb3 a6 20. Rb2 Rc7 21. Rbc2 Rec8 22. Qb6 Ne8 23. a4 Nhg7 24. f3 Bxa4 25. Nxa4 Qxa4 26. Rxc7 Rxc7 27. Rxc7 Nxc7 28. Qxc7 Qd1+ 29. Kf2 Qxd3 30. Qd8+ Kh7 31. Qxd5 b5 32. Qxf7 Qd2 33. Qb3 Nf5 34. Qf7+ Ng7 35. g4 a5 36. f4 Qd3 37. Ng3 Qc2+ 38. Kf3 Qd1+ 39. Ke4 Kh8 40. Ke5 Qf3 41. Ne4 Qxe3 42. Qxg6 Qxh3 43. Kf6 1-0

[Event "Guimaraes op"]
[Site "Guimaraes"]
[Date "2017.09.04"]
[Round "5"]
[White "Silva, David Miguel Da"]
[Black "Machado, Tomas Dias"]
[Result "1-0"]
[WhiteElo "2245"]
[BlackElo "1634"]
[PlyCount "79"]
[EventDate "2017.09.02"]
[EventType "swiss"]
[EventRounds "7"]
[EventCountry "POR"]
[SourceTitle "CBM 180 Extra"]
[Source "ChessBase"]
[SourceDate "2017.10.06"]
[SourceVersion "1"]
[SourceVersionDate "2017.10.06"]
[SourceQuality "1"]

1. e4 c5 2. Nf3 e6 3. g3 Nc6 4. Bg2 Nf6 5. Qe2 d5 6. d3 h6 7. 0-0 Be7 8. e5 Nd7 9. c4 Nb6 10. Nc3 0-0 11. Rd1 a6 12. b3 f6 13. d4 cxd4 14. Nxd4 fxe5 15. Nxc6 bxc6 16. Qxe5 Bf6 17. Qe1 Bxc3 18. Qxc3 Qf6 19. Qxf6 Rxf6 20. Be3 Rb8 21. Rac1 Bd7 22. Bf1 a5 23. Bf4 Rb7 24. Be5 Rf8 25. Bg2 Kh8 26. Rd4 Nc8 27. Rh4 Kg8 28. Rg4 Rf7 29. cxd5 cxd5 30. Rc5 Rb5 31. Rc7 Kh7 32. Bf1 Rb6 33. Bd3+ Kg8 34. Rxg7+ Rxg7 35. Bxg7 Kxg7 36. Rxd7+ Kf6 37. f4 Ne7 38. g4 Rb8 39. Kf2 Nc6 40. h4 1-0

[Event "Guimaraes op"]
[Site "Guimaraes"]
[Date "2017.09.03"]
[Round "3"]
[White "Fidalgo, Andre Neves"]
[Black "Machado, Tomas Dias"]
[Result "1/2-1/2"]
[WhiteElo "2167"]
[BlackElo "1634"]
[PlyCount "90"]
[EventDate "2017.09.02"]
[EventType "swiss"]
[EventRounds "7"]
[EventCountry "POR"]
[SourceTitle "CBM 180 Extra"]
[Source "ChessBase"]
[SourceDate "2017.10.06"]
[SourceVersion "1"]
[SourceVersionDate "2017.10.06"]
[SourceQuality "1"]

1. d4 Nf6 2. c4 e5 3. dxe5 Ng4 4. Bf4 Nc6 5. Nf3 Bb4+ 6. Nbd2 Qe7 7. a3 Ngxe5 8. Nxe5 Nxe5 9. e3 Bxd2+ 10. Qxd2 d6 11. Be2 Be6 12. Qb4 Ng6 13. Bg3 0-0 14. 0-0 c5 15. Qd2 Ne5 16. Qc3 f6 17. Rad1 Rad8 18. a4 b6 19. Rd2 Rd7 20. Rfd1 Rfd8 21. b3 Bf7 22. f4 Nc6 23. Bf3 Nb4 24. e4 Be6 25. Re2 Nc6 26. Bf2 Rc8 27. Rde1 Bf7 28. g4 Rcc7 29. Kh1 g5 30. e5 dxe5 31. Bxc6 Rxc6 32. fxg5 fxg5 33. Rxe5 Re6 34. Rxe6 Bxe6 35. Qe5 Rd2 36. Qe3 Rd6 37. Bg3 Rd1 38. Kg1 Rxe1+ 39. Bxe1 Qf6 40. Bc3 Qg6 41. h3 Kf7 42. Qf3+ Ke7 43. Be5 Qb1+ 44. Kf2 Qc2+ 45. Kg3 Qg6 1/2-1/2

[Event "Caparica op 2nd"]
[Site "Caparica"]
[Date "2017.06.25"]
[Round "7"]
[White "Machado, Tomas Dias"]
[Black "Costa, Raul David Andrade"]
[Result "1-0"]
[WhiteElo "1647"]
[BlackElo "1422"]
[PlyCount "65"]
[EventDate "2017.06.21"]
[EventType "swiss"]
[EventRounds "7"]
[EventCountry "POR"]
[SourceTitle "EXT 2018"]
[Source "ChessBase"]
[SourceDate "2017.10.13"]
[SourceVersion "1"]
[SourceVersionDate "2017.10.13"]
[SourceQuality "1"]

1. e4 e5 2. Nf3 Nc6 3. d4 exd4 4. Nxd4 Nxd4 5. Qxd4 d6 6. Nc3 Be6 7. Be3 Nf6 8. g3 Be7 9. 0-0-0 0-0 10. f4 Ng4 11. Kb1 c5 12. Qd2 Qb6 13. f5 Bc8 14. Nd5 Qd8 15. Bf4 Ne5 16. Nxe7+ Qxe7 17. Qxd6 Qxd6 18. Rxd6 f6 19. Bxe5 fxe5 20. Rd5 Re8 21. Rxc5 Re7 22. Bc4+ Kf8 23. Rd1 b6 24. Rd8+ Re8 25. Rxe8+ Kxe8 26. Rxe5+ Kf8 27. Bd5 Rb8 28. Bc6 Kf7 29. Re8 Kf6 30. Bd7 a5 31. Rxc8 Rxc8 32. Bxc8 Ke5 33. Bb7 1-0

[Event "POR-ch U14"]
[Site "Luso"]
[Date "2017.04.09"]
[Round "2"]
[White "Machado, Tomas Dias"]
[Black "Encarnacao, Filipe Alexandre D"]
[Result "1-0"]
[WhiteElo "1674"]
[BlackElo "1359"]
[PlyCount "79"]
[EventDate "2017.04.08"]
[EventType "swiss"]
[EventRounds "8"]
[EventCountry "POR"]
[SourceTitle "EXT 2018"]
[Source "ChessBase"]
[SourceDate "2017.10.13"]
[SourceVersion "1"]
[SourceVersionDate "2017.10.13"]
[SourceQuality "1"]

1. e4 e5 2. Nf3 Nc6 3. d4 exd4 4. Nxd4 Bc5 5. Be3 Qf6 6. c3 Nge7 7. Bc4 Ne5 8. Be2 Qg6 9. 0-0 0-0 10. Nd2 d5 11. Bf3 Nxf3+ 12. Qxf3 f5 13. Nxf5 Bxf5 14. Bxc5 Bxe4 15. Qg3 Rfe8 16. Nxe4 dxe4 17. Qxc7 Rac8 18. Qd6 Qg5 19. Qe6+ Kh8 20. Bxe7 Qxe7 21. Qxe7 Rxe7 22. Rad1 Kg8 23. Rd4 Kf7 24. Re1 Rce8 25. Re3 Kg6 26. c4 Re5 27. Rd7 Ra5 28. a3 Ra4 29. b4 Rc8 30. Rc3 b5 31. c5 a5 32. Rd4 Kf5 33. f3 Rc6 34. Rxe4 axb4 35. Rxb4 Rxb4 36. axb4 Ke5 37. Kf2 Kd4 38. Rc1 Kd5 39. Ke3 Ke5 40. Rd1 1-0

[Event "Lisbon Portugal rapid op"]
[Site "Lisbon"]
[Date "2017.02.11"]
[Round "1"]
[White "Machado, Tomas Dias"]
[Black "Gharamian, Tigran"]
[Result "0-1"]
[WhiteElo "1597"]
[BlackElo "2624"]
[PlyCount "58"]
[EventDate "2017.02.11"]
[EventType "swiss (rapid)"]
[EventRounds "8"]
[EventCountry "POR"]
[SourceTitle "CBM 176 Extra"]
[Source "ChessBase"]
[SourceDate "2017.03.02"]
[SourceVersion "1"]
[SourceVersionDate "2017.03.02"]
[SourceQuality "1"]

1. e4 g6 2. d4 Bg7 3. Nc3 a6 4. g3 b5 5. a3 Bb7 6. Bg2 d6 7. Nge2 Nd7 8. Be3 Ngf6 9. 0-0 Rb8 10. f3 0-0 11. Qd2 Re8 12. Rfd1 Ba8 13. Na2 Qc8 14. c3 a5 15. Nac1 a4 16. Nd3 Nb6 17. Qc2 Nfd7 18. Rab1 Nc4 19. Bf2 e6 20. Bf1 Bh6 21. Nec1 Ndb6 22. Nb4 c5 23. Nba2 Ne3 24. Bxe3 Bxe3+ 25. Kg2 Nd7 26. Qd3 Bh6 27. Ne2 Nf6 28. b3 axb3 29. Rxb3 c4 0-1

[Event "POR-ch U14"]
[Site "Luso"]
[Date "2016.07.23"]
[Round "5"]
[White "Machado, Tomas Dias"]
[Black "Barata, Manuel Joao Costa S"]
[Result "1-0"]
[WhiteElo "1507"]
[BlackElo "1212"]
[PlyCount "81"]
[EventDate "2016.07.20"]
[EventType "swiss"]
[EventRounds "7"]
[EventCountry "POR"]
[SourceTitle "EXT 2018"]
[Source "ChessBase"]
[SourceDate "2017.10.13"]
[SourceVersion "1"]
[SourceVersionDate "2017.10.13"]
[SourceQuality "1"]

1. e4 c5 2. Nf3 e6 3. c4 Nc6 4. Nc3 a6 5. Be2 Be7 6. 0-0 Nf6 7. d4 cxd4 8. Nxd4 Qc7 9. Be3 d6 10. b3 Bd7 11. f3 0-0 12. Qd2 Rfd8 13. Qb2 Rab8 14. Rfd1 Rbc8 15. Rac1 Ne5 16. Nb1 Ng6 17. Nd2 Nh5 18. Nc2 Nhf4 19. Bf1 Bf6 20. Qa3 Bg5 21. g3 Nh3+ 22. Bxh3 Bxe3+ 23. Nxe3 Qb6 24. b4 Ne5 25. c5 dxc5 26. bxc5 Qb5 27. Bf1 Qc6 28. f4 Ng6 29. Bg2 Qc7 30. Nb3 Bc6 31. Nc4 Rxd1+ 32. Rxd1 Rd8 33. Rxd8+ Qxd8 34. Nd6 e5 35. f5 Nf8 36. Nd2 Qc7 37. Nf3 f6 38. Qb3+ Kh8 39. Nf7+ Kg8 40. Nh6+ Kh8 41. Qg8# 1-0

[Event "POR-ch U14"]
[Site "Luso"]
[Date "2016.07.21"]
[Round "3"]
[White "Machado, Tomas Dias"]
[Black "Figueiredo, Jorge"]
[Result "1/2-1/2"]
[WhiteElo "1507"]
[BlackElo "1190"]
[PlyCount "132"]
[EventDate "2016.07.20"]
[EventType "swiss"]
[EventRounds "7"]
[EventCountry "POR"]
[SourceTitle "EXT 2018"]
[Source "ChessBase"]
[SourceDate "2017.10.13"]
[SourceVersion "1"]
[SourceVersionDate "2017.10.13"]
[SourceQuality "1"]

1. e4 e5 2. Nf3 Nc6 3. d4 exd4 4. Nxd4 Bc5 5. Be3 Nxd4 6. Bxd4 Bxd4 7. Qxd4 Qf6 8. e5 Qb6 9. Qxb6 axb6 10. Nc3 f6 11. exf6 Nxf6 12. Bc4 c6 13. 0-0 d5 14. Rfe1+ Kf8 15. Bb3 Bf5 16. Re5 Bg6 17. Rae1 Re8 18. Na4 Rxe5 19. Rxe5 Nd7 20. Re3 b5 21. Rf3+ Ke8 22. Nc3 Nc5 23. Ne2 Nxb3 24. cxb3 Be4 25. Re3 Kd7 26. f3 Bb1 27. Nc3 Bg6 28. Re2 Re8 29. Kf2 Rxe2+ 30. Kxe2 Kd6 31. Kd2 Ke5 32. Ne2 b4 33. a3 bxa3 34. bxa3 Bf7 35. Kc3 c5 36. Nc1 d4+ 37. Kd3 Kd5 38. a4 Bg6+ 39. Kd2 c4 40. bxc4+ Kxc4 41. Ne2 Be8 42. a5 Bb5 43. Nf4 Bd7 44. Ne2 Kb4 45. Nxd4 Kxa5 46. Kc3 b5 47. Nb3+ Kb6 48. Kb4 Be6 49. Nd4 Bc4 50. Nf5 g6 51. Nd6 Bf1 52. g3 Be2 53. f4 h5 54. Nf7 Bd3 55. Ne5 Bb1 56. g4 hxg4 57. Nxg4 Bc2 58. Nf6 Bd3 59. Nd7+ Kc7 60. Ne5 Bb1 61. Kxb5 Kd6 62. Kc4 Ke6 63. Kd4 Kf5 64. Ke3 g5 65. Nd3 Bxd3 66. Kxd3 gxf4 1/2-1/2